<?xml version="1.0" encoding="UTF-8"?>
<collection xmlns="http://www.loc.gov/MARC21/slim">
 <record>
  <leader>01112nam a22002537a 4500</leader>
  <controlfield tag="001">42670</controlfield>
  <controlfield tag="003">BD-DhAAL</controlfield>
  <controlfield tag="005">20240701144311.0</controlfield>
  <controlfield tag="008">240625b1998    |||a|||| |||| 00| 0 eng d</controlfield>
  <datafield tag="020" ind1=" " ind2=" ">
   <subfield code="a">0890619018</subfield>
  </datafield>
  <datafield tag="020" ind1=" " ind2=" ">
   <subfield code="a">0890618844</subfield>
  </datafield>
  <datafield tag="040" ind1=" " ind2=" ">
   <subfield code="a">BD-DhAAL</subfield>
   <subfield code="d">BD-DhAAL</subfield>
  </datafield>
  <datafield tag="082" ind1=" " ind2=" ">
   <subfield code="a">372.4</subfield>
  </datafield>
  <datafield tag="100" ind1=" " ind2=" ">
   <subfield code="a">Orciuch, Christine Lund.</subfield>
   <subfield code="9">56570</subfield>
  </datafield>
  <datafield tag="245" ind1=" " ind2=" ">
   <subfield code="a">Best nonfiction :</subfield>
   <subfield code="b">7 selections for young people with lessons for teaching the basic elements of nonfiction /</subfield>
   <subfield code="c">Christine Lund Orciuch and Theodore Knight.</subfield>
  </datafield>
  <datafield tag="264" ind1=" " ind2=" ">
   <subfield code="a">Lincolnwood, Ill. :</subfield>
   <subfield code="b">Jamestown Publishers,</subfield>
   <subfield code="c">©1998.</subfield>
  </datafield>
  <datafield tag="300" ind1=" " ind2=" ">
   <subfield code="a">ix, 262 pages :</subfield>
   <subfield code="b">illustrations ;</subfield>
   <subfield code="c">23 cm.</subfield>
  </datafield>
  <datafield tag="541" ind1=" " ind2=" ">
   <subfield code="a">Donation from the Asia Foundation/ Savar Campus</subfield>
   <subfield code="e">42670</subfield>
  </datafield>
  <datafield tag="650" ind1=" " ind2=" ">
   <subfield code="a">Reading (Elementary).</subfield>
  </datafield>
  <datafield tag="650" ind1=" " ind2=" ">
   <subfield code="a">Literature</subfield>
   <subfield code="x">Study and teaching (Elementary).</subfield>
  </datafield>
  <datafield tag="700" ind1=" " ind2=" ">
   <subfield code="a">Knight, Theodore.</subfield>
   <subfield code="9">56571</subfield>
  </datafield>
  <datafield tag="942" ind1=" " ind2=" ">
   <subfield code="2">ddc</subfield>
   <subfield code="c">BK</subfield>
  </datafield>
  <datafield tag="999" ind1=" " ind2=" ">
   <subfield code="c">46739</subfield>
   <subfield code="d">46739</subfield>
  </datafield>
  <datafield tag="952" ind1=" " ind2=" ">
   <subfield code="0">0</subfield>
   <subfield code="1">0</subfield>
   <subfield code="2">ddc</subfield>
   <subfield code="4">0</subfield>
   <subfield code="6">372_400000000000000_ORC</subfield>
   <subfield code="7">0</subfield>
   <subfield code="9">75687</subfield>
   <subfield code="a">SCL</subfield>
   <subfield code="b">SCL</subfield>
   <subfield code="c">GEN</subfield>
   <subfield code="d">2024-06-25</subfield>
   <subfield code="e">Donation from the Asia Foundation/ Savar Campus</subfield>
   <subfield code="l">0</subfield>
   <subfield code="o">372.4 ORC</subfield>
   <subfield code="p">3020042670</subfield>
   <subfield code="r">2024-06-25</subfield>
   <subfield code="t">1</subfield>
   <subfield code="w">2024-06-25</subfield>
   <subfield code="y">BK</subfield>
   <subfield code="x">Donation from the Asia Foundation/ Savar Campus</subfield>
  </datafield>
 </record>
</collection>
